| 000 | 00561nam a2200193 i 4500 | ||
|---|---|---|---|
| 001 | 100905 | ||
| 003 | ES-MaACL | ||
| 005 | 20250730063118.0 | ||
| 007 | t| | ||
| 008 | 051006s1957 sp ||||1| spa d | ||
| 100 | 1 |
_aMatute, Ana María, _d1925-2014 _979165 |
|
| 245 | 1 | 3 |
_aEl tiempo / _cAna María Matute. |
| 260 |
_aBarcelona : _bMateu, _c1957. |
||
| 300 |
_a265 p. ; _c19 cm. |
||
| 490 | 1 | _aLa Pluma. Autores españoles | |
| 830 | 0 |
_aLa Pluma. Autores españoles _9232455 |
|
| 852 |
_aES-MaACL _jC-13397 _bR.41290 |
||
| 999 |
_c100905 _d100905 |
||